Priemyselná politika SR všeobecné aspekty a predpoklady riešení
Všeobecne o priemyselnej politike. Výmena názorov medzi zástancami a odporcami pojmu priemyselná politika. V súčasnosti nevystupuje otázka či aplikovať priemyselnú politiku, ale ktorý jej typ je najvýhodnejší. Ciele priemyselnej politiky. Konkurencieschopnosť priemyslu. Priemyselná politika na Slove...
Salvato in:
| Autore principale: | |
|---|---|
| Natura: | Capitolo di libro |
| Lingua: | slovacco |
| Soggetti: | |
| Tags: |
Nessun Tag, puoi essere il primo ad aggiungerne!!
|
MARC
| LEADER | 00000naa$a2200000$$$4500 | ||
|---|---|---|---|
| 001 | 0019842 | ||
| 005 | 20240502071410.0 | ||
| 041 | 0 | |a slo | |
| 044 | |a SK | ||
| 245 | 1 | 0 | |a Priemyselná politika SR |b všeobecné aspekty a predpoklady riešení |c Otília Zorkóciová |
| 520 | |a Všeobecne o priemyselnej politike. Výmena názorov medzi zástancami a odporcami pojmu priemyselná politika. V súčasnosti nevystupuje otázka či aplikovať priemyselnú politiku, ale ktorý jej typ je najvýhodnejší. Ciele priemyselnej politiky. Konkurencieschopnosť priemyslu. Priemyselná politika na Slovensku. Úloha priemyselnej politiky v regióne. Podpora malých a stredných podnikov v rozvoji priemyslu. Faktory, ktoré môžu zvýšiť konkurencieschopnosť slovenského priemyslu. | ||
| 610 | 2 | 0 | |a politika priemyselná |
| 610 | 2 | 0 | |a priemysel |
| 610 | 2 | 0 | |a konkurencieschopnosť |
| 610 | 2 | 0 | |a podnik malý |
| 610 | 2 | 0 | |a podnik stredný |
| 610 | 2 | 0 | |a regióny |
| 610 | 2 | 0 | |a Slovensko |
| 610 | 2 | 0 | |a integrácia ekonomická medzinárodná |
| 610 | 2 | 0 | |a Európa |
| 100 | 1 | |a Zorkóciová, Otília, 1954- | |